000 00454nam a2200145Ia 4500
008 230917s9999||||xx |||||||||||||| ||und||
040 _e161436
_aMAIN
041 _aEnglish
082 _a869 फ64फ
100 _aफरनान्दो पैसोआ
245 0 _aफरनान्दो पैसोआ की कविताएँ
260 _aमुंबई
_bसाशंश प्रकाशन
_c1997
300 _a167 p.
942 _cHN
999 _c104610
_d104610